| 000 | 00500nam a2200169 i 4500 | ||
|---|---|---|---|
| 001 | 113031 | ||
| 003 | ES-MaACL | ||
| 005 | 20240502063044.0 | ||
| 007 | t| | ||
| 008 | 061121s1967 sp r ||||1| spa d | ||
| 100 | 0 |
_aNúñez, Aníbal, _d1945- _986140 |
|
| 245 | 1 | 0 |
_a29 poemas / _cAníbal Núñez, Ángel Sánchez. |
| 260 |
_a[S. l.] : _b[s. n.], _c1967 ( _eSalamanca : _fGráf. Víctor) |
||
| 300 |
_a26 h. ; _c19 cm. |
||
| 852 |
_aES-MaACL _jC-34770 _bR.65068 |
||
| 999 |
_c113031 _d113031 |
||